|
|
|
|
| LEADER |
01388nam a2200385Ia 4500 |
| 001 |
EBC431099 |
| 003 |
MiAaPQ |
| 005 |
20200520144314.0 |
| 006 |
m o d | |
| 007 |
cr cn||||||||| |
| 008 |
990407s2000 nyu sb 001 0 eng d |
| 010 |
|
|
|z 99027536
|
| 020 |
|
|
|z 0195133250 (acid-free paper)
|
| 020 |
|
|
|z 9780195133257
|
| 035 |
|
|
|a (MiAaPQ)EBC431099
|
| 035 |
|
|
|a (Au-PeEL)EBL431099
|
| 035 |
|
|
|a (CaPaEBR)ebr10279279
|
| 035 |
|
|
|a (CaONFJC)MIL47299
|
| 035 |
|
|
|a (OCoLC)609831887
|
| 040 |
|
|
|a MiAaPQ
|c MiAaPQ
|d MiAaPQ
|
| 050 |
|
4 |
|a BJ1725
|b .M34 2000
|
| 082 |
0 |
4 |
|a 174
|2 21
|
| 100 |
1 |
|
|a Martin, Mike W.,
|d 1946-
|
| 245 |
1 |
0 |
|a Meaningful work
|h [electronic resource] :
|b rethinking professional ethics /
|c Mike W. Martin.
|
| 260 |
|
|
|a New York :
|b Oxford University Press,
|c 2000.
|
| 300 |
|
|
|a xiii, 252 p.
|
| 490 |
1 |
|
|a Practical and professional ethics series
|
| 504 |
|
|
|a Includes bibliographical references and index.
|
| 533 |
|
|
|a Electronic reproduction. Ann Arbor, MI : ProQuest, 2015. Available via World Wide Web. Access may be limited to ProQuest affiliated libraries.
|
| 650 |
|
0 |
|a Professional ethics.
|
| 650 |
|
0 |
|a Ethics.
|
| 655 |
|
4 |
|a Electronic books.
|
| 710 |
2 |
|
|a ProQuest (Firm)
|
| 830 |
|
0 |
|a Practical and professional ethics series.
|
| 856 |
4 |
0 |
|u https://ebookcentral.proquest.com/lib/matrademy/detail.action?docID=431099
|z Click to View
|